000 00246nam a2200097Ia 4500
001 1195144
005 20250827021742.0
008 250824s9999 xx 000 0 und d
245 0 _aHANIMIN ÇİFTLİĞİ
_cORHAN KEMAL
260 _bEVEREST YAYINLARI
999 _c1195144
_d1195144